Purple Animal Alphabet - Statistics

General Stats
  • This quiz has been taken 21 times
  • The average score is 18 of 26
Answer Stats
Picture Hint Answer % Correct
A Ape
94%
F Fish
94%
G Goose
94%
B Buffalo
88%
E Egret
88%
H Heron
88%
M Manatee
88%
J Jellyfish
82%
O Owl
82%
P Pig
82%
R Reindeer
82%
T Turtle
82%
D Dove
76%
L Llama
76%
K Kiwi
71%
S Seal
71%
C Cassowary
65%
W Warthog
65%
V Vole
59%
I Isopod
53%
N Nanny Goat
47%
Q Quelea
41%
U Unau
35%
X Xeme
35%
Y Yellowlegs
35%
Z Zorilla
35%
No matching quizzes found
Score Distribution
Percent of People with Each Score
Percentile by Number Answered
Your Score History
You have not taken this quiz